(Record no. 182953)
[ view plain ]
| 000 -CABECERA | |
|---|---|
| campo de control de longitud fija | 00383nam a2200121Ia 4500 |
| 001 - NÚMERO DE CONTROL | |
| campo de control | IA_3656,06/08/2007,24/01/2012,0000002006 mx 0000000000spa00," |
| 008 - DATOS DE LONGITUD FIJA--INFORMACIÓN GENERAL | |
| campo de control de longitud fija | 220117s xx 000 0 und d |
| 010 ## - NÚMERO DE CONTROL DE LA BIBLIOTECA DEL CONGRESO | |
| Número de control de LC | 182953 |
| 090 ## - LOCALMENTE ASIGNADO TIPO-LC NÚMERO DE CLASIFICACIÓN (OCLC); NÚMERO DE CLASIFICACIÓN LOCAL (RLIN) | |
| Número de clasificación (OCLC) (R) ; Numero de clasificación, CALL (RLIN) (NR) | Tesis 778 |
| 100 ## - ENTRADA PRINCIPAL--NOMBRE DE PERSONA | |
| Nombre de persona | Lopez Palestina |
| 9 (RLIN) | 155096 |
| 650 ## - PUNTO DE ACCESO ADICIONAL DE MATERIA--TÉRMINO DE MATERIA | |
| Término de materia o nombre geográfico como elemento de entrada | Naranja |
| 9 (RLIN) | 80130 |
No items available.
